000 00666nam a2200181Ia 4500
008 100921s9999 xx 000 0 und d
082 _b34161
_a891.463 थ 94
100 _aकुलकर्णी विनायक य.
245 _aगोकुळचा चोर.
260 _bइंद्रायणी साहित्य,पुणे.
_c1994
300 _a274
_bअक्षरधारा प्रदर्शन.
365 _b110
520 _aललित-कादंबरी.
630 _aगोकुळचा चोर.
650 _aललित-कादंबरी.
730 _aगोकुळचा चोर.
942 _cBOOK
999 _c783274
_d783271